| 000 | 00646nam a2200229Ia 4500 | ||
|---|---|---|---|
| 003 | OSt | ||
| 005 | 20260325105515.0 | ||
| 008 | 210716s2011 xx 000 0 und d | ||
| 020 | _a9788184897562 | ||
| 040 | _cAIMIT LIBRARY | ||
| 041 | _aeng | ||
| 082 |
_a511.3 _22 _bVINJ |
||
| 100 |
_aVince, John. _9259252 |
||
| 245 |
_aMathematics for computer graphics / _cBy John Vince. |
||
| 250 | _a3st ed. | ||
| 260 |
_aNew Delhi : _bSpringer , _c2011. |
||
| 300 |
_axv,293p. ; _bPB _c23.3 cm |
||
| 650 |
_aTrigonometry _9259253 |
||
| 650 |
_aCurves and patches _9259254 |
||
| 650 |
_aGeometric algebra _9259255 |
||
| 942 |
_2ddc _cBK _e3rd _k511.3 VINJ |
||
| 999 |
_c194585 _d194585 |
||